000 01626cam a2200409 i 4500
001 21028417
003 OSt
005 20231028112458.0
008 190621e201904 ii 000 0amalo
010 _a 2019329673
020 _a9789352827879
025 _aI-Mal-2019329673; 13; 27
037 _bLibrary of Congress -- New Delhi Overseas Office
040 _aDLC
_beng
_erda
_cDLC
_dDLC
042 _alcode
_apcc
043 _aa-ii---
050 0 0 _aPL4718.9.E28
_bZ46 2019
082 _a894.812872
_bECH/I
100 0 _aEccmukkuṭṭi
_eauthor.
_99782
245 1 0 _aItent̲e raktamānitent̲e māṃsamāṇeṭuttukoḷḷuka /
_cEccmukkuṭṭi = Ithente rakthamānithente mamsamānetuthukolluka / autobiography by Echmukkutty.
246 3 1 _aIthente rakthamānithente mamsamānetuthukolluka
264 1 _aKottayam, Kerala State, India :
_bḌi Si Buks,
_cApril 2019.
300 _a270 pages ;
_c21 cm
336 _atext
_btxt
_2rdacontent
337 _aunmediated
_bn
_2rdamedia
338 _avolume
_bnc
_2rdacarrier
520 _aAutobiography of a Malayalam women author, blogger, and feminist.
546 _aIn Malayalam.
600 0 0 _aEccmukkuṭṭi.
650 0 _aWomen authors, Malayalam
_y21st century
_vBiography.
650 0 _aAuthors, Malayalam
_y21st century
_vBiography.
650 0 _aFeminists
_zIndia
_zKerala
_vBiography.
650 0 _aWife abuse
_zIndia
_zKerala.
906 _a7
_bcbc
_corigode
_d2
_encip
_f20
_gy-gencatlg
942 _2ddc
_cBK
_h894.812872
_iECH/I
_k894.812872
_mECH/I
999 _c42922
_d42922